| 000 | 00000nam 2200000za 4500 |
| 001 | 9.593449 |
| 003 | CaOODSP |
| 005 | 20250403105042 |
| 007 | cr ||||||||||| |
| 008 | 150406s2006 onc|||||o f00| 0 fre d |
| 020 | |a0-662-72098-9 |
| 022 | |a1716-6721 |
| 040 | |aCaOODSP|bfre |
| 043 | |an-cn--- |
| 086 | 1 |aCS82-620/2-2006F-HTML |
| 245 | 00|aVue d'ensemble des habitudes alimentaires des Canadiens |h[ressource électronique] /|cpar Didier Garriguet. |
| 260 | |a[Ottawa] : |bStatistique Canada,|c[2006]. |
| 490 | 1 |aNutrition|x1716-6721|vN° 2 |
| 590 | |a14-19-Supp|b2014-11-03 |
| 710 | 2 |aStatistique Canada. |
| 775 | 08|tOverview of Canadians' eating habits |w(CaOODSP)9.560801 |
| 830 | #0|aNutrition: résultats de l'enquête sur la santé dans les collectivités canadiennes (En ligne)|x1716-6721|vN° 2|w(CaOODSP)9.501299 |
| 856 | 40|uhttp://www.statcan.gc.ca/pub/82-620-m/82-620-m2006002-fra.htm|sN/A|qHTML |